2011-2012 UEFA Champions League Competitors - Statistics

General Stats
  • This quiz has been taken 507 times
  • The average score is 17 of 32
Answer Stats
Answer % Correct
Barcelona
94%
Manchester United
94%
Chelsea
93%
Real Madrid
93%
Arsenal
92%
Bayern Münich
90%
Manchester City
86%
Milan
86%
Internazionale
83%
Valencia
68%
Porto
66%
Lyon
65%
Ajax
64%
Benfica
63%
Marseille
63%
Napoli
62%
Dortmund
57%
Zenit
44%
Lille
40%
Basel
36%
Leverkusen
34%
APOEL
33%
CSKA Moscow
33%
Shakhtar Donetsk
32%
Olympiacos
25%
Villarreal
23%
BATE
20%
Genk
20%
Dinamo Zagreb
19%
Trabzonspor
12%
Otelul
8%
Plzen
7%
No matching quizzes found
Score Distribution
Percent of People with Each Score
Percentile by Number Answered
Your Score History
You have not taken this quiz